00341nam a2200145Ia 4500008004100000020001500041041001200056082001600068100001500084245002900099250000900128260003500137300000800172650001500180221030s9999 xx 000 0 und d a0071247629 aEnglish a105.23bLut aF. Luthans 0aOrganizational Behaviour a10th bMcgraw - HillaNew Delhic2005 a731 aManagement